[Event "Oban Open"]
[Site "Oban"]
[Date "2016.11.19"]
[Round "3.7"]
[White "Parks, Joe"]
[Black "Doyle, Jim"]
[Result "1/2-1/2"]
[WhiteElo "1870"]
[BlackElo "1787"]
[PlyCount "38"]
[EventDate "2016.11.??"]
[EventType "swiss"]
[EventRounds "5"]
[EventCountry "SCO"]
[SourceVersionDate "2017.08.01"]

1. d4 Nf6 2. Nf3 c6 3. c4 d5 4. e3 Nbd7 5. Nbd2 e6 6. b3 Bb4 7. Bd3 Ne4 8. O-O
f5 9. a3 Ba5 10. b4 Bc7 11. Bb2 O-O 12. Ne5 Nxe5 13. Bxe4 fxe4 14. dxe5 Qg5 15.
f4 exf3 16. Rxf3 Bd7 17. Rg3 Qh6 18. Rh3 Qg5 19. Rg3 Qh6 1/2-1/2

[Event "Oban Open"]
[Site "Oban"]
[Date "2016.11.19"]
[Round "3.8"]
[White "Smith, Callum"]
[Black "McPheator, Gary"]
[Result "1-0"]
[WhiteElo "1565"]
[BlackElo "1626"]
[PlyCount "49"]
[EventDate "2016.11.??"]
[EventType "swiss"]
[EventRounds "5"]
[EventCountry "SCO"]
[SourceVersionDate "2017.08.01"]

1. e4 c5 2. c3 g6 3. d4 cxd4 4. cxd4 Bg7 5. Nc3 Nc6 6. Nf3 d6 7. h3 Nf6 8. Bb5
O-O 9. O-O a6 10. Ba4 b5 11. Bc2 Bb7 12. Be3 d5 13. e5 Ne8 14. Bb3 e6 15. Bg5
Qd7 16. Qd2 f6 17. exf6 Bxf6 18. Rfe1 Ng7 19. Re2 Rae8 20. Rae1 Nf5 21. Bxf6
Rxf6 22. Nxd5 Rff8 23. Rxe6 Rxe6 24. Rxe6 Ncxd4 25. Nf6+ 1-0

[Event "Oban Open"]
[Site "Oban"]
[Date "2016.11.19"]
[Round "3.9"]
[White "Connolly Sams, Lukah"]
[Black "Dawson, Euan"]
[Result "0-1"]
[WhiteElo "1476"]
[BlackElo "1599"]
[PlyCount "74"]
[EventDate "2016.11.??"]
[EventType "swiss"]
[EventRounds "5"]
[EventCountry "SCO"]
[SourceVersionDate "2017.08.01"]

1. d4 d5 2. Bf4 Nf6 3. e3 c5 4. Nc3 a6 5. dxc5 e6 6. Na4 Nbd7 7. b4 Be7 8. Nf3
O-O 9. Bd3 Nh5 10. Ng5 g6 11. Nxh7 Nxf4 12. Nxf8 Nxd3+ 13. Qxd3 Bxf8 14. h4 b5
15. h5 Ne5 16. Qd4 Bg7 17. Qf4 bxa4 18. h6 Bh8 19. h7+ Kf8 20. Rd1 Nc6 21. c4
Nxb4 22. cxd5 Nxd5 23. e4 Qa5+ 24. Qd2 Qxd2+ 25. Rxd2 Nf6 26. e5 Nd5 27. c6 Rb8
28. Ke2 a3 29. Kf3 Rb2 30. Rd3 Rxa2 31. Rb3 Rb2 32. Rxa3 Rc2 33. Kg4 Rxc6 34.
f4 Rc4 35. g3 Bb7 36. Rb3 Ne3+ 37. Rxe3 Bxh1 0-1

[Event "Oban Open"]
[Site "Oban"]
[Date "2016.11.19"]
[Round "3.10"]
[White "Ridge, Michael"]
[Black "Wiltshir, Rich"]
[Result "1/2-1/2"]
[WhiteElo "1837"]
[BlackElo "1635"]
[PlyCount "131"]
[EventDate "2016.11.??"]
[EventType "swiss"]
[EventRounds "5"]
[EventCountry "SCO"]
[SourceVersionDate "2017.08.01"]

1. c4 c6 2. Nc3 Nf6 3. d4 g6 4. e4 d6 5. Be2 Bg7 6. f4 O-O 7. Nf3 a6 8. a4 Bg4
9. h3 Bxf3 10. Bxf3 c5 11. dxc5 dxc5 12. Qxd8 Rxd8 13. e5 Ne8 14. Bxb7 Ra7 15.
Bf3 Nc7 16. Be3 Ne6 17. O-O Rd3 18. Rfe1 Bh6 19. Be4 Rxe3 20. Rxe3 Bxf4 21. Rf3
Bxe5 22. Bd5 Ng5 23. Rff1 e6 24. Bf3 Nxf3+ 25. Rxf3 Rb7 26. Ne4 f5 27. Ng5 Bxb2
28. Rd1 Bd4+ 29. Rxd4 cxd4 30. Nxe6 Rb4 31. Rd3 Rxc4 32. Rxd4 Rxd4 33. Nxd4 Kf7
34. Kf2 Kf6 35. a5 Ke5 36. Ke3 h6 37. g3 g5 38. Kd3 g4 39. hxg4 fxg4 40. Ke3
Nd7 41. Nc6+ Kf5 42. Nb4 Nc5 43. Kd4 Nb3+ 44. Kd5 Nxa5 45. Nxa6 Nb3 46. Nb4 Nc1
47. Nc2 Ne2 48. Ne3+ Kg5 49. Nf1 Nc3+ 50. Kd4 Nb5+ 51. Ke3 Kf5 52. Kf2 Nd6 53.
Ne3+ Kg5 54. Kg2 Ne4 55. Kh2 Nd6 56. Kg2 Nf5 57. Nd5 Nd6 58. Ne3 Nf7 59. Kf2
Ne5 60. Kg2 Kf6 61. Kf2 Ke6 62. Kg2 h5 63. Kf2 Nd3+ 64. Ke2 Nc5 65. Ng2 Ne4 66.
Nf4+ 1/2-1/2

[Event "Oban Open"]
[Site "Oban"]
[Date "2016.11.19"]
[Round "3.11"]
[White "Robinson, Martin"]
[Black "D'Costa, Leston"]
[Result "1-0"]
[WhiteElo "1780"]
[BlackElo "1626"]
[PlyCount "65"]
[EventDate "2016.11.??"]
[EventType "swiss"]
[EventRounds "5"]
[EventCountry "SCO"]
[SourceVersionDate "2017.08.01"]

1. e4 c5 2. Nf3 Nc6 3. d3 g6 4. g3 Bg7 5. Bg2 Nf6 6. O-O O-O 7. c3 d6 8. Nbd2
Bg4 9. h3 Bd7 10. Qe2 Rb8 11. d4 b5 12. e5 dxe5 13. dxe5 Nd5 14. Ne4 c4 15. Rd1
Nb6 16. Nc5 Qc8 17. Nxd7 Nxd7 18. e6 Nc5 19. exf7+ Rxf7 20. Ng5 Rf6 21. Qe3 Nd8
22. Qxe7 Nde6 23. Bd5 h6 24. Nxe6 Nxe6 25. Re1 Rb6 26. Bxh6 Rf7 27. Rxe6 Rxe7
28. Rxe7+ Kf8 29. Rxg7 Qxh3 30. Rf7+ Ke8 31. Re1+ Kd8 32. Bg5+ Kc8 33. Re8# 1-0

[Event "Oban Open"]
[Site "Oban"]
[Date "2016.11.20"]
[Round "4.1"]
[White "Tate, Alan"]
[Black "White, Stuart"]
[Result "1-0"]
[WhiteElo "2331"]
[BlackElo "1906"]
[PlyCount "25"]
[EventDate "2016.11.??"]
[EventType "swiss"]
[EventRounds "5"]
[EventCountry "SCO"]
[SourceVersionDate "2017.08.01"]

1. e4 e6 2. d4 d5 3. Nd2 c5 4. exd5 Qxd5 5. Ngf3 cxd4 6. Bc4 Qd6 7. O-O Nf6 8.
Bb3 Nc6 9. Nc4 Qc5 10. c3 dxc3 11. bxc3 b5 12. Ba3 Qd5 13. Nd6+ 1-0

[Event "Oban Open"]
[Site "Oban"]
[Date "2016.11.20"]
[Round "4.2"]
[White "Grant, Alan"]
[Black "Birkett, Richard"]
[Result "1/2-1/2"]
[WhiteElo "1981"]
[BlackElo "2092"]
[PlyCount "57"]
[EventDate "2016.11.??"]
[EventType "swiss"]
[EventRounds "5"]
[EventCountry "SCO"]
[SourceVersionDate "2017.08.01"]

1. Nf3 g6 2. e4 d6 3. d4 Bg7 4. Bd3 Nf6 5. O-O O-O 6. c4 e5 7. Nc3 Nc6 8. d5
Ne7 9. b4 Nh5 10. c5 f5 11. Qb3 Kh8 12. Ng5 f4 13. f3 h6 14. cxd6 cxd6 15. Ne6
Bxe6 16. dxe6 Nc6 17. Ne2 Qb6+ 18. Kh1 Qxb4 19. Rb1 Qxb3 20. Rxb3 Rab8 21. Ba3
Rfd8 22. Rfb1 Bf8 23. Rxb7 Ng7 24. Rxb8 Rxb8 25. Rxb8 Nxb8 26. Bc4 Nc6 27. Bd5
Nd8 28. Nc3 Ngxe6 29. Nb5 1/2-1/2

[Event "Oban Open"]
[Site "Oban"]
[Date "2016.11.20"]
[Round "4.3"]
[White "Orr, Mark JL"]
[Black "Irving, Neil"]
[Result "1/2-1/2"]
[WhiteElo "2110"]
[BlackElo "1845"]
[PlyCount "63"]
[EventDate "2016.11.??"]
[EventType "swiss"]
[EventRounds "5"]
[EventCountry "SCO"]
[SourceVersionDate "2017.08.01"]

1. c4 c5 2. Nf3 g6 3. g3 Bg7 4. Bg2 Nc6 5. O-O e5 6. Nc3 Nge7 7. d3 O-O 8. a3
a5 9. Ne1 Nd4 10. e3 Ndc6 11. Rb1 d6 12. Bd2 Rb8 13. Nc2 Be6 14. e4 Qd7 15. b4
axb4 16. axb4 b6 17. b5 Nd4 18. Nxd4 exd4 19. Ne2 Bh3 20. Bxh3 Qxh3 21. Nf4 Qd7
22. Ra1 Ra8 23. Qb3 Qb7 24. Qb2 Be5 25. Nh3 f5 26. Bh6 Bg7 27. Bxg7 Kxg7 28.
Nf4 Kg8 29. exf5 Nxf5 30. Nd5 Ne7 31. Nxe7+ Qxe7 32. Rxa8 1/2-1/2

[Event "Oban Open"]
[Site "Oban"]
[Date "2016.11.20"]
[Round "4.4"]
[White "Smith, Callum"]
[Black "Slinger, Anthony"]
[Result "0-1"]
[WhiteElo "1565"]
[BlackElo "1913"]
[PlyCount "80"]
[EventDate "2016.11.??"]
[EventType "swiss"]
[EventRounds "5"]
[EventCountry "SCO"]
[SourceVersionDate "2017.08.01"]

1. e4 c5 2. c3 Nf6 3. e5 Nd5 4. d4 cxd4 5. cxd4 e6 6. Nf3 Nc6 7. Bc4 Nb6 8. Bd3
d5 9. O-O Be7 10. Nc3 Bd7 11. Re1 Rc8 12. a3 a6 13. Bb1 Nc4 14. Qd3 b5 15. b3
N4a5 16. Nd2 Qb6 17. b4 Nc4 18. Nb3 a5 19. bxa5 N6xa5 20. Bc2 Nxb3 21. Bxb3 Qa5
22. Bxc4 Rxc4 23. Bd2 Qb6 24. Be3 O-O 25. Rec1 Ra8 26. Nd1 h6 27. g3 Rxc1 28.
Bxc1 b4 29. Rb1 Bb5 30. Qe3 bxa3 31. Nc3 a2 32. Nxa2 Rxa2 33. Qb3 Qa6 34. Qxb5
Qxb5 35. Rxb5 Ra1 36. Rb8+ Kh7 37. Rb7 Ba3 38. Rxf7 Bxc1 39. Kg2 Bb2 40. Re7
Ra6 0-1

[Event "Oban Open"]
[Site "Oban"]
[Date "2016.11.20"]
[Round "4.5"]
[White "Doyle, Jim"]
[Black "Marks, Ian A"]
[Result "1-0"]
[WhiteElo "1787"]
[BlackElo "1900"]
[PlyCount "125"]
[EventDate "2016.11.??"]
[EventType "swiss"]
[EventRounds "5"]
[EventCountry "SCO"]
[SourceVersionDate "2017.08.01"]

1. e4 c5 2. Nf3 e6 3. d3 Nc6 4. g3 d5 5. Nbd2 Bd6 6. Bg2 Nge7 7. O-O Qc7 8. Re1
O-O 9. Nf1 Bd7 10. Ne3 b5 11. c3 d4 12. Nf1 e5 13. h4 f6 14. N1h2 Be6 15. h5
Rad8 16. Nh4 dxc3 17. bxc3 c4 18. dxc4 Bc5 19. Qf3 Bxc4 20. Bf1 Rd7 21. Be3
Bxe3 22. Qxe3 Rfd8 23. Bxc4+ bxc4 24. Qc5 Na5 25. Qxc7 Rxc7 26. Ng4 Rd3 27.
Rac1 Rd2 28. h6 Rcd7 29. hxg7 Kxg7 30. Rb1 Rxa2 31. Ra1 Rdd2 32. Rxa2 Rxa2 33.
Rd1 Nac6 34. Rd6 Rc2 35. Ne3 Rxc3 36. Nhf5+ Kf8 37. Rxf6+ Ke8 38. Nxe7 Nxe7 39.
Re6 Rc1+ 40. Kg2 Kd7 41. Rxe5 Kd6 42. Ra5 c3 43. Rxa7 c2 44. e5+ Kc6 45. Nxc2
Nc8 46. Ra2 Kd5 47. f4 Ne7 48. Kf3 Nf5 49. Ne3+ Nxe3 50. Kxe3 Rc3+ 51. Kf2 h5
52. Rd2+ Ke6 53. Rd6+ Kf7 54. Rh6 Rc2+ 55. Kf3 Rc3+ 56. Kg2 Rc2+ 57. Kh3 Rc3
58. Rxh5 Rc4 59. Kg4 Rc3 60. f5 Kg7 61. Kf4 Rc4+ 62. Kg5 Rc3 63. g4 {and White
won a few moves later} 1-0

[Event "Oban Open"]
[Site "Oban"]
[Date "2016.11.20"]
[Round "4.6"]
[White "Dawson, Alastair"]
[Black "Newton, Andrew"]
[Result "1/2-1/2"]
[WhiteElo "1807"]
[BlackElo "1912"]
[PlyCount "71"]
[EventDate "2016.11.??"]
[EventType "swiss"]
[EventRounds "5"]
[EventCountry "SCO"]
[SourceVersionDate "2017.08.01"]

1. Nf3 d5 2. g3 Nf6 3. Bg2 Bf5 4. c4 c6 5. O-O e6 6. cxd5 exd5 7. d3 Bd6 8. Nc3
O-O 9. Nd4 Bg6 10. e4 Qb6 11. Nf5 Bxf5 12. exf5 Re8 13. Na4 Qc7 14. Be3 Nbd7
15. Rc1 h6 16. Nc3 Qa5 17. Qa4 Qxa4 18. Nxa4 Ne5 19. Rfd1 Neg4 20. Bd4 h5 21.
Bf3 Be5 22. Bc5 Nh6 23. d4 Bc7 24. Re1 Nxf5 25. Red1 g6 26. Nc3 Nd6 27. Bb4 Nc4
28. b3 Nd6 29. Nxd5 Nxd5 30. Bxd5 Nb5 31. Bf3 Bb6 32. Bc5 Bxc5 33. Rxc5 Nc7 34.
d5 Nxd5 35. Bxd5 cxd5 36. Rcxd5 1/2-1/2

[Event "Oban Open"]
[Site "Oban"]
[Date "2016.11.20"]
[Round "4.7"]
[White "Dawson, Euan"]
[Black "Parks, Joe"]
[Result "1/2-1/2"]
[WhiteElo "1599"]
[BlackElo "1870"]
[PlyCount "49"]
[EventDate "2016.11.??"]
[EventType "swiss"]
[EventRounds "5"]
[EventCountry "SCO"]
[SourceVersionDate "2017.08.01"]

1. e4 d5 2. exd5 Qxd5 3. Nc3 Qd6 4. d4 Nf6 5. Nf3 c6 6. g3 Bg4 7. Bg2 e6 8. O-O
Be7 9. Bf4 Qd8 10. Ne2 O-O 11. c4 Nbd7 12. Qb3 Qb6 13. Rfd1 Rac8 14. Nc3 Rfd8
15. h3 Bf5 16. Nh4 Qxb3 17. axb3 Bc2 18. Rdc1 Bxb3 19. Rxa7 Bxc4 20. Rxb7 Nd5
21. Nxd5 cxd5 22. Nf3 Ba6 23. Rxc8 Bxb7 24. Rxd8+ Bxd8 25. Bf1 1/2-1/2

[Event "Oban Open"]
[Site "Oban"]
[Date "2016.11.20"]
[Round "4.8"]
[White "Mort, Andrew"]
[Black "Robinson, Martin"]
[Result "1-0"]
[WhiteElo "1895"]
[BlackElo "1780"]
[PlyCount "49"]
[EventDate "2016.11.??"]
[EventType "swiss"]
[EventRounds "5"]
[EventCountry "SCO"]
[SourceVersionDate "2017.08.01"]

1. c4 Nf6 2. g3 g6 3. Bg2 Bg7 4. Nc3 O-O 5. Nf3 d6 6. O-O e5 7. d3 Nc6 8. Rb1
a5 9. a3 Nh5 10. b4 axb4 11. axb4 f5 12. Nd5 h6 13. Bb2 f4 14. b5 Ne7 15. Nxe7+
Qxe7 16. Nh4 Kh7 17. Be4 Rf6 18. e3 Bh3 19. Qxh5 fxg3 20. Nxg6 gxh2+ 21. Kxh2
Rxg6 22. Bxg6+ Kh8 23. Qxh3 Rf8 24. f4 exf4 25. Qxh6+ 1-0

[Event "Oban Open"]
[Site "Oban"]
[Date "2016.11.20"]
[Round "4.9"]
[White "Jelfs, Alan"]
[Black "McPheator, Gary"]
[Result "1-0"]
[WhiteElo "1840"]
[BlackElo "1626"]
[PlyCount "87"]
[EventDate "2016.11.??"]
[EventType "swiss"]
[EventRounds "5"]
[EventCountry "SCO"]
[SourceVersionDate "2017.08.01"]

1. d4 e6 2. c4 Nf6 3. Nf3 b6 4. g3 Bb7 5. Bg2 Bb4+ 6. Bd2 Bxd2+ 7. Nbxd2 O-O 8.
O-O d5 9. Rc1 Nbd7 10. Qc2 Rc8 11. c5 bxc5 12. dxc5 c6 13. Rfe1 Qc7 14. b4 Ne8
15. e4 f6 16. Bh3 e5 17. b5 d4 18. a4 Kh8 19. Nb3 g6 20. Qd2 Ng7 21. b6 axb6
22. Bxd7 Qxd7 23. cxb6 Ne6 24. Nc5 Nxc5 25. Rxc5 Ra8 26. a5 Ra6 27. Qb4 Rfa8
28. Nd2 Qe6 29. Nb3 Qd6 30. Rec1 Rd8 31. Qd2 Ba8 32. Qd3 Bb7 33. f3 f5 34. exf5
gxf5 35. Qxf5 d3 36. Qxe5+ Qxe5 37. Rxe5 d2 38. Rd1 c5 39. Rxc5 Bxf3 40. Rxd2
Re8 41. Rc7 Raa8 42. b7 Bxb7 43. Rxb7 Re1+ 44. Kg2 1-0

[Event "Oban Open"]
[Site "Oban"]
[Date "2016.11.20"]
[Round "4.10"]
[White "Wiltshir, Rich"]
[Black "Connolly Sams, Lukah"]
[Result "1/2-1/2"]
[WhiteElo "1635"]
[BlackElo "1476"]
[PlyCount "127"]
[EventDate "2016.11.??"]
[EventType "swiss"]
[EventRounds "5"]
[EventCountry "SCO"]
[SourceVersionDate "2017.08.01"]

1. Nc3 e6 2. Nf3 d5 3. e3 Nf6 4. b3 c5 5. Bb5+ Bd7 6. Qe2 a6 7. Bxd7+ Nbxd7 8.
O-O Bd6 9. Bb2 e5 10. d3 O-O 11. Qd2 Qc7 12. e4 d4 13. Ne2 Nh5 14. Nh4 g6 15.
Rae1 Nf4 16. Nxf4 exf4 17. Bc1 Ne5 18. Qd1 Nc6 19. a4 Nb4 20. Nf3 Nc6 21. Ng5
h6 22. Nf3 Rae8 23. h3 Kg7 24. Qd2 c4 25. Qd1 c3 26. Kh1 g5 27. Nh2 Ne5 28. Qh5
b5 29. axb5 axb5 30. Rg1 Ra8 31. Ng4 Nxg4 32. Qxg4 Ra2 33. Qf5 Be5 34. Re2 b4
35. g3 Ra1 36. gxf4 Bxf4 37. Bxf4 Rxg1+ 38. Kxg1 Qxf4 39. Qxf4 gxf4 40. Kg2 Kf6
41. Re1 Ke5 42. Ra1 Rb8 43. Kf3 Rb5 44. Ra6 f6 45. Ra8 h5 46. Rh8 Ke6 47. Re8+
Kd7 48. Ra8 f5 49. Kxf4 fxe4 50. Kxe4 Rg5 51. Kxd4 Rf5 52. Ra4 Rxf2 53. Rxb4
Rxc2 54. Rc4 Rh2 55. Kxc3 Rxh3 56. b4 h4 57. b5 Rh1 58. Kc2 Rh2+ 59. Kb3 Rh1
60. Kb4 h3 61. Rh4 h2 62. Rh7+ Kd6 63. Rh6+ Kd7 64. Rh7+ 1/2-1/2

[Event "Oban Open"]
[Site "Oban"]
[Date "2016.11.20"]
[Round "4.11"]
[White "D'Costa, Leston"]
[Black "Ridge, Michael"]
[Result "1-0"]
[WhiteElo "1628"]
[BlackElo "1837"]
[PlyCount "57"]
[EventDate "2016.11.??"]
[EventType "swiss"]
[EventRounds "5"]
[EventCountry "SCO"]
[SourceVersionDate "2017.08.01"]

1. d4 Nf6 2. Bg5 d5 3. Bxf6 gxf6 4. e3 e5 5. g3 c6 6. Bg2 Qb6 7. b3 Bf5 8. Ne2
Nd7 9. O-O h5 10. Nd2 h4 11. e4 Be6 12. c4 hxg3 13. hxg3 dxe4 14. Nxe4 O-O-O
15. d5 Bh3 16. N2c3 Bxg2 17. Kxg2 Bb4 18. Qc2 Rdg8 19. Na4 Qd8 20. a3 Bf8 21.
dxc6 bxc6 22. Rad1 f5 23. Nec5 Qg5 24. Rxd7 f4 25. Qd3 Bxc5 26. Nxc5 fxg3 27.
Rc7+ Kxc7 28. Qd7+ Kb6 29. Na4+ 1-0

[Event "Oban Open"]
[Site "Oban"]
[Date "2016.11.20"]
[Round "5.1"]
[White "Grant, Alan"]
[Black "Tate, Alan"]
[Result "0-1"]
[WhiteElo "1981"]
[BlackElo "2331"]
[PlyCount "88"]
[EventDate "2016.11.??"]
[EventType "swiss"]
[EventRounds "5"]
[EventCountry "SCO"]
[SourceVersionDate "2017.08.01"]

1. Nf3 Nf6 2. c4 c5 3. Nc3 d5 4. cxd5 Nxd5 5. g3 Nc6 6. Bg2 Nc7 7. O-O e5 8. b3
Be7 9. Bb2 O-O 10. Ne1 Bg4 11. Rc1 Qd7 12. Nc2 Rad8 13. Ne3 Be6 14. Na4 b6 15.
d3 Nd4 16. Nc3 f6 17. Nc2 Rfe8 18. Nxd4 exd4 19. Nb1 Bd5 20. Rc2 Bxg2 21. Kxg2
Nd5 22. Bc1 f5 23. f4 Bf6 24. Rf3 Re6 25. Qf1 Rde8 26. Rf2 Nb4 27. Rd2 g5 28.
a3 Nd5 29. Rb2 g4 30. Qh1 Ne3+ 31. Kg1 Nd1 32. Rd2 Nxf2 33. Kxf2 Qe7 34. Qf1 b5
35. Rc2 Qb7 36. Rb2 Qc6 37. Rc2 h5 38. Kg1 h4 39. Kf2 Kf7 40. Kg1 Qd5 41. Rb2
Qc6 42. Rc2 h3 43. Qf2 Bd8 44. Rb2 Ba5 0-1

[Event "Oban Open"]
[Site "Oban"]
[Date "2016.11.20"]
[Round "5.2"]
[White "Slinger, Anthony"]
[Black "White, Stuart"]
[Result "1/2-1/2"]
[WhiteElo "1913"]
[BlackElo "1906"]
[PlyCount "84"]
[EventDate "2016.11.??"]
[EventType "swiss"]
[EventRounds "5"]
[EventCountry "SCO"]
[SourceVersionDate "2017.08.01"]

1. e4 e6 2. d4 d5 3. Nc3 Bb4 4. e5 c5 5. a3 Bxc3+ 6. bxc3 Qa5 7. Bd2 Qa4 8. Qb1
c4 9. h4 Nc6 10. h5 h6 11. Nh3 Bd7 12. Nf4 O-O-O 13. Be2 Nge7 14. Kd1 Rde8 15.
Bf3 b6 16. Kc1 f6 17. exf6 gxf6 18. Re1 Nf5 19. g3 Nd6 20. Qb2 Nd8 21. Kb1 N8f7
22. Ka2 Ng5 23. Bg2 Nge4 24. Bxe4 Nxe4 25. Re2 Qc6 26. Be3 e5 27. Ng6 Rh7 28.
Ree1 Qa4 29. Rac1 Qa5 30. Qb4 Nxc3+ 31. Ka1 Qxb4 32. axb4 Bf5 33. dxe5 Bxg6 34.
hxg6 Rg7 35. exf6 Rxg6 36. Bd4 Ne4 37. f7 Rf8 38. f3 Nd6 39. Re5 Rxf7 40. Rxd5
Rxf3 41. Be5 Ne4 42. Rd4 Nxg3 1/2-1/2

[Event "Oban Open"]
[Site "Oban"]
[Date "2016.11.20"]
[Round "5.3"]
[White "Birkett, Richard"]
[Black "Orr, Mark JL"]
[Result "0-1"]
[WhiteElo "2092"]
[BlackElo "2110"]
[PlyCount "84"]
[EventDate "2016.11.??"]
[EventType "swiss"]
[EventRounds "5"]
[EventCountry "SCO"]
[SourceVersionDate "2017.08.01"]

1. e4 c6 2. Nf3 d5 3. exd5 cxd5 4. Bb5+ Bd7 5. Qe2 Nf6 6. O-O Bxb5 7. Qxb5+ Qd7
8. Nc3 Nc6 9. d4 e6 10. Ne5 Qc7 11. Bf4 a6 12. Qa4 Qa5 13. Nxc6 Qxa4 14. Nxa4
bxc6 15. Rac1 Be7 16. c4 O-O 17. Nb6 Ra7 18. cxd5 Nxd5 19. Nxd5 cxd5 20. Rc6
Bf6 21. Bd6 Rfa8 22. Bc5 Rb7 23. Rb6 Rxb6 24. Bxb6 Rc8 25. Rb1 Rc2 26. a4 g5
27. Kf1 g4 28. Bc5 a5 29. b4 axb4 30. Rxb4 Kg7 31. a5 Ra2 32. Bb6 Bg5 33. Rb5
Kg6 34. g3 h5 35. Rc5 h4 36. Rc8 h3 37. Ra8 Kf5 38. Rf8 f6 39. Re8 Bd2 40. Re7
Ke4 41. Rxe6+ Kd3 42. f4 Be3 0-1

[Event "Oban Open"]
[Site "Oban"]
[Date "2016.11.20"]
[Round "5.4"]
[White "Irving, Neil"]
[Black "Doyle, Jim"]
[Result "1-0"]
[WhiteElo "1845"]
[BlackElo "1787"]
[PlyCount "77"]
[EventDate "2016.11.??"]
[EventType "swiss"]
[EventRounds "5"]
[EventCountry "SCO"]
[SourceVersionDate "2017.08.01"]

1. Nf3 Nf6 2. c4 Nc6 3. d4 d5 4. cxd5 Nxd5 5. e4 Nb6 6. Be2 g6 7. h3 Bg7 8. Be3
O-O 9. O-O Nb8 10. Nc3 c6 11. Qd2 N8d7 12. a4 Nf6 13. a5 Nbd7 14. b4 Re8 15.
Rfd1 Nf8 16. Qc2 Qc7 17. Rac1 Nh5 18. Qd2 Ne6 19. e5 Bh8 20. Ne4 Qb8 21. Nfg5
Nxg5 22. Nxg5 Ng7 23. Bc4 e6 24. Ne4 Nf5 25. Bf4 Bd7 26. g4 Nh4 27. Qe3 g5 28.
Bxg5 Ng6 29. Nf6+ Bxf6 30. Bxf6 Re7 31. Bxe7 Nxe7 32. Qg5+ Ng6 33. h4 Qd8 34.
Qxd8+ Rxd8 35. h5 Nf4 36. Kh2 a6 37. Kg3 Nd5 38. Bxd5 exd5 39. f4 1-0

[Event "Oban Open"]
[Site "Oban"]
[Date "2016.11.20"]
[Round "5.5"]
[White "Newton, Andrew"]
[Black "Jelfs, Alan"]
[Result "0-1"]
[WhiteElo "1912"]
[BlackElo "1840"]
[PlyCount "62"]
[EventDate "2016.11.??"]
[EventType "swiss"]
[EventRounds "5"]
[EventCountry "SCO"]
[SourceVersionDate "2017.08.01"]

1. e4 e5 2. Bc4 Nf6 3. d3 Bc5 4. f4 d6 5. Nf3 Nc6 6. Nc3 O-O 7. f5 Nd4 8. Bg5
c6 9. a4 Re8 10. a5 d5 11. exd5 e4 12. Nxd4 Bxd4 13. Kd2 e3+ 14. Ke2 Bxf5 15.
h3 Qd7 16. dxc6 bxc6 17. Qf1 Bg6 18. Bxf6 Bxf6 19. Qf3 Rab8 20. Ra2 Rb4 21. Rd1
Qd6 22. Ne4 Bxe4 23. dxe4 Qxd1+ 24. Kxd1 Rxc4 25. Qxe3 Rcxe4 26. Qg3 Rd8+ 27.
Qd3 Rxd3+ 28. cxd3 Rf4 29. Ke2 Bd4 30. Ra4 c5 31. Rc4 Rf2+ 0-1

[Event "Oban Open"]
[Site "Oban"]
[Date "2016.11.20"]
[Round "5.6"]
[White "Marks, Ian A"]
[Black "Dawson, Alastair"]
[Result "1-0"]
[WhiteElo "1900"]
[BlackElo "1807"]
[PlyCount "91"]
[EventDate "2016.11.??"]
[EventType "swiss"]
[EventRounds "5"]
[EventCountry "SCO"]
[SourceVersionDate "2017.08.01"]

1. d4 d6 2. Nf3 Nf6 3. c4 g6 4. Nc3 Bg7 5. e4 O-O 6. Be2 e5 7. O-O exd4 8. Nxd4
Nc6 9. Be3 Re8 10. f3 Nxd4 11. Bxd4 c6 12. Qd2 Be6 13. Rfd1 Qa5 14. a3 Kh8 15.
b4 Qc7 16. Rac1 Rad8 17. Qb2 Qe7 18. f4 c5 19. bxc5 dxc5 20. Be5 Nh5 21. Bxh5
f6 22. f5 fxe5 23. fxe6 gxh5 24. Nd5 Qh4 25. Nc7 Rf8 26. g3 Rxd1+ 27. Rxd1 Qxe4
28. Qd2 Bf6 29. Rf1 Rd8 30. Nd5 Bg7 31. Qg5 Qd4+ 32. Kg2 Qe4+ 33. Kh3 Qg4+ 34.
Qxg4 hxg4+ 35. Kxg4 Re8 36. Nc7 Re7 37. Rf7 Rxf7 38. exf7 b5 39. Nxb5 Bf8 40.
Nxa7 Kg7 41. Nc6 Kxf7 42. Kf5 e4 43. Kxe4 Ke6 44. Ne5 Bg7 45. Nd3 Kd6 46. g4
1-0

[Event "Oban Open"]
[Site "Oban"]
[Date "2016.11.20"]
[Round "5.7"]
[White "Mort, Andrew"]
[Black "Dawson, Euan"]
[Result "1/2-1/2"]
[WhiteElo "1845"]
[BlackElo "1599"]
[PlyCount "34"]
[EventDate "2016.11.??"]
[EventType "swiss"]
[EventRounds "5"]
[EventCountry "SCO"]
[SourceVersionDate "2017.08.01"]

1. d4 d5 2. Nc3 Nf6 3. Bg5 Nbd7 4. Nf3 c6 5. e3 e6 6. Bd3 Be7 7. O-O O-O 8. e4
h6 9. Bh4 b6 10. exd5 exd5 11. Ne5 Nxe5 12. dxe5 Nd7 13. Bxe7 Qxe7 14. f4 Nc5
15. Ne2 Bg4 16. Qd2 Nxd3 17. Qxd3 Bxe2 1/2-1/2

[Event "Oban Open"]
[Site "Oban"]
[Date "2016.11.20"]
[Round "5.8"]
[White "Parks, Joe"]
[Black "Smith, Callum"]
[Result "1/2-1/2"]
[WhiteElo "1870"]
[BlackElo "1565"]
[PlyCount "90"]
[EventDate "2016.11.??"]
[EventType "swiss"]
[EventRounds "5"]
[EventCountry "SCO"]
[SourceVersionDate "2017.08.01"]

1. d4 Nf6 2. c4 d6 3. Nc3 c5 4. d5 e5 5. e4 Be7 6. Be2 O-O 7. g4 Ne8 8. Be3 Bg5
9. Qd2 Bxe3 10. Qxe3 a6 11. h4 Bd7 12. Nh3 Qa5 13. O-O Qd8 14. Qg3 Qc8 15. f4
f6 16. f5 Qd8 17. g5 Qe7 18. Kh1 Kh8 19. Rg1 Rg8 20. Nd1 b5 21. Ne3 bxc4 22.
Ng4 a5 23. Rg2 Bb5 24. Rag1 Ra7 25. Qf3 Nd7 26. Ne3 Nf8 27. Qh5 Ra8 28. g6 Nc7
29. Ng4 Be8 30. Nh6 gxh6 31. Qxh6 Bxg6 32. fxg6 Rg7 33. gxh7 Rxg2 34. Rxg2 Nxh7
35. Bh5 Rg8 36. Bg6 Qg7 37. Qh5 Qd7 38. Bf5 Qe7 39. Rxg8+ Kxg8 40. Qg4+ Qg7 41.
Bxh7+ Kxh7 42. Qf5+ Kg8 43. Qc8+ Kh7 44. Qf5+ Kg8 45. Qc8+ Kh7 1/2-1/2

[Event "Oban Open"]
[Site "Oban"]
[Date "2016.11.20"]
[Round "5.9"]
[White "Robinson, Martin"]
[Black "Wiltshir, Rich"]
[Result "1-0"]
[WhiteElo "1780"]
[BlackElo "1635"]
[PlyCount "135"]
[EventDate "2016.11.??"]
[EventType "swiss"]
[EventRounds "5"]
[EventCountry "SCO"]
[SourceVersionDate "2017.08.01"]

1. e4 c6 2. d3 d5 3. Nd2 dxe4 4. dxe4 Nf6 5. Ngf3 Bg4 6. Bd3 Nbd7 7. h3 Bh5 8.
O-O e6 9. Qe2 Ne5 10. Rd1 Nxd3 11. cxd3 Be7 12. Nb3 h6 13. Bf4 O-O 14. Qe3 Qb6
15. d4 Bg6 16. Nfd2 Rfd8 17. Rac1 Rd7 18. Nc4 Qd8 19. Ne5 Bxe4 20. Nxd7 Qxd7
21. Nd2 Bh7 22. Nf3 Nd5 23. Qd2 Bb4 24. Rc3 Bxc3 25. bxc3 Nxf4 26. Qxf4 Qe7 27.
c4 Rd8 28. Rd2 g5 29. Qe3 Qb4 30. Nxg5 Qxc4 31. Nf3 Kg7 32. Qe5+ Kg8 33. Qf6
Rd5 34. Ne5 Qc1+ 35. Kh2 Bg6 36. Nxg6 fxg6 37. Qxg6+ Kf8 38. Qxh6+ Ke8 39.
Qxe6+ Kd8 40. Qh6 Kc7 41. Qe3 Qb1 42. Qe7+ Rd7 43. Qe5+ Kc8 44. Qe6 Qb4 45.
Qe8+ Rd8 46. Qe6+ Rd7 47. Qe3 Qd6+ 48. g3 Re7 49. Qg5 Rf7 50. Qg8+ Rf8 51. Qg4+
Kd8 52. h4 Qb4 53. Qg5+ Kc8 54. d5 Qb6 55. Qg4+ Kb8 56. Qe2 cxd5 57. Qe5+ Ka8
58. Qe3 Qa5 59. h5 d4 60. Qe2 Rh8 61. g4 Qc7+ 62. Kg1 Qc1+ 63. Rd1 Qc5 64. Qe4
Rg8 65. Kf1 Qc4+ 66. Qd3 Qxa2 67. Qxd4 Qa6+ 68. Kg1 1-0